| 000 | 01363nam a2200337 a 4500 | ||
|---|---|---|---|
| 001 | 000111591 | ||
| 003 | CHAP | ||
| 005 | 20220329144220.0 | ||
| 008 | 150618s2015 mx sm |||||||spa d | ||
| 010 | _a108052 | ||
| 011 | _a109024 | ||
| 040 | _cCHAP | ||
| 090 | _aTesis | ||
| 100 | 1 |
_aMendoza González, Héctor Joaquín _9129491 |
|
| 245 | 1 | 0 |
_aEstudio de factibilidad técnico económica para la creación de una agroindustria despulpadora de tamarindo (Tamarindus indica L.) en el municipio de Cuautitlán de García Barragán, Jalisco. _h[En línea] _cpor Héctor Joaquín Mendoza González y Jaime Morales Parra. |
| 260 |
_aChapingo, Méx. : _bEl autor, _c2015. |
||
| 500 | _aPara ver el contenido del material haga clic en la liga | ||
| 502 | _aTesis (Ing. Agroindustrial) -- UACH. Departamento de Ingeniería Agroindustrial | ||
| 590 |
_aE11695DGD _b10 _c20150619 _lUCH01 _h0825 |
||
| 590 |
_aE5765TAJ _b05 _c20150618 _lUCH01 _h1144 |
||
| 590 |
_aE5765TAJ _b05 _c20150618 _lUCH01 _h1144 |
||
| 650 | 1 | 4 |
_aEstudios de factibilidad. _938520 |
| 650 | 1 | 4 |
_aProyectos industriales. _992531 |
| 650 | 1 | 4 |
_aTamarindo _xIndustria. _9111509 |
| 650 | 1 | 4 |
_aTamarindo _xProcesado. _9129493 |
| 700 | 1 |
_aMorales Parra, Jaime _9129492 |
|
| 856 |
_aFinding aid _uhttp://10.13.5.2/tesis/sist111591.pdf _zTeclea aquí |
||
| 901 | _aBK | ||
| 942 | _cTESIS | ||
| 942 | _n0 | ||
| 999 |
_c108052 _d108052 |
||